000 00620nam a22002177a 4500
003 OSt
005 20240822164035.0
008 240822b |||||||| |||| 00| 0 eng d
020 _a0131860151
020 _a9780131860155
040 _cMUST
082 _222
_a338.5 KEA 2005
100 _aKeat, Paul G
_919066
245 _aManagerial Economics:
_bEconomic tools for today's decision makers
_cPaul G. Keat
260 _aNew Jersey:
_bPearson,
_c2005
300 _axx, 571p.
_bill.,
_c26cm
504 _aincludes index
650 _2Managerial economics
700 _aYoung, Philip K. Y
_919067
942 _2ddc
_cO_SHELF
999 _c9330
_d9330